000 00314nam a2200121Ia 4500
008 240624s9999 xx 000 0 und d
041 _aeng
082 _a658.787 HAD
100 _aHADLEY G
245 _aANALYSIS OF INVENTORY SYSTEMS
260 _c1963
_aNew York
_bPrentice-Hall
300 _avii, : 452 : p. : cm. ; 20
999 _c5220
_d5220